Develando el género: elementos conceptuales básicos para entender la equidad /
Guardado en:
| Autor principal: | |
|---|---|
| Otros Autores: | , |
| Formato: | Libro |
| Lenguaje: | Spanish |
| Publicado: |
San José. Costa Rica :
Unión Mundial para la Naturaleza,
1999
|
| Colección: | Serie hacia la equidad,
9 |
| Materias: | |
| Etiquetas: |
Agregar Etiqueta
Sin Etiquetas, Sea el primero en etiquetar este registro!
|
MARC
| LEADER | 00000nam a2200000Ia 4500 | ||
|---|---|---|---|
| 008 | 170125b1999 cr ||||| |||| 00| | spa d | ||
| 999 | |c 855 |d 855 | ||
| 020 | |a 9968786098 | ||
| 090 | |a 04.02.03 |b 2000 | ||
| 100 | 1 | |a Alfaro, María Cecilia |9 2292 | |
| 245 | 1 | 0 | |a Develando el género: elementos conceptuales básicos para entender la equidad / |c María Cecilia Alfaro, Lorena Aguilar, Ana Elena Badilla. |
| 260 | |a San José. Costa Rica : |b Unión Mundial para la Naturaleza, |c 1999 | ||
| 300 | |a 38 páginas | ||
| 490 | |a Serie hacia la equidad, |v 9 | ||
| 650 | 1 | 4 | |a IGUALDAD DE OPORTUNIDADES |9 952 |
| 650 | 1 | 4 | |a EQUIDAD DE GÉNERO |9 420 |
| 700 | 1 | |9 2293 |a Aguilar, Lorena | |
| 700 | 1 | |9 2294 |a Badilla, Ana Elena | |
| 942 | |i 003604 |h 04.02.03 2000 |2 z |c 01 | ||



